Metalectura de un cuento de Borges /

Se ofrece una metalectura de "Emma Zunz", cuanto de Jorge Luis Borges que había sido objeto de una lectura lacaniana por parte de Páramo Ortega. Se examina la calidad de los argumentos esgrimidos por dicha lectura y se proponen otras interpretaciones alternativas que se estiman mejor fundadas. En de...

Full description

Bibliographic Details
Main Author: Llanos Melussa, Eduardo
Format: Analitica de revista
Language:Spanish
Subjects:

MARC

LEADER 00000cab a2200000 a 4500
001 037488
003 UAHC_CL
005 20170803124129.0
008 050729b xx j 000 1 spa
040 |a UAHC_CL  |c UAHC_CL  |d UAHC_CL 
100 1 |a Llanos Melussa, Eduardo 
245 1 0 |a Metalectura de un cuento de Borges /  |c Eduardo Llanos Melussa. 
300 |a p. 77-85 
500 |a En: Praxis : revista de la facultad de ciencias humanas y educación, nº9, 2006. p.77-85. ISSN 0717473X 
500 |a En: Praxis : revista de la facultad de ciencias humanas y educación, nº9, 2006. p.77-85. ISSN 0717473X 
520 |a Se ofrece una metalectura de "Emma Zunz", cuanto de Jorge Luis Borges que había sido objeto de una lectura lacaniana por parte de Páramo Ortega. Se examina la calidad de los argumentos esgrimidos por dicha lectura y se proponen otras interpretaciones alternativas que se estiman mejor fundadas. En definitiva, se asume que hay una jerarquía de niveles de confiabilidad de cualquier lectura según cómo se observen "hechos", se los describa, se infiera posibles explicaciones, se planteen interpretaciones plausibles, es decir, no especulativas. 
520 |a Se ofrece una metalectura de "Emma Zunz", cuanto de Jorge Luis Borges que había sido objeto de una lectura lacaniana por parte de Páramo Ortega. Se examina la calidad de los argumentos esgrimidos por dicha lectura y se proponen otras interpretaciones alternativas que se estiman mejor fundadas. En definitiva, se asume que hay una jerarquía de niveles de confiabilidad de cualquier lectura según cómo se observen "hechos", se los describa, se infiera posibles explicaciones, se planteen interpretaciones plausibles, es decir, no especulativas. 
520 |a Se ofrece una metalectura de "Emma Zunz", cuanto de Jorge Luis Borges que habÌa sido objeto de una lectura lacaniana por parte de P·ramo Ortega. Se examina la calidad de los argumentos esgrimidos por dicha lectura y se proponen otras interpretaciones alternativas que se estiman mejor fundadas. En definitiva, se asume que hay una jerarquÌa de niveles de confiabilidad de cualquier lectura según cÛmo se observen "hechos", se los describa, se infiera posibles explicaciones, se planteen interpretaciones plausibles, es decir, no especulativas. 
653 |a PSICOLOGIA 
653 |a PEDAGOGIA EN EDUCACION DIFERENCIAL 
658 |a Bazán, Domingo 
658 |a Bazán, Domingo 
759 |a PP106 
773 0 |t PRAXIS : revista de psicología y ciencias humanas  |w 037407 
900 |a PRAXIS-09/06 
942 |c REVA 
952 |0 0  |1 0  |4 0  |6 PRAXIS_09_06_000000000000000  |7 0  |8 General  |9 71425  |a BC  |b BC  |c General  |d 2017-08-03  |l 0  |o PRAXIS-09/06  |p FICTICIO5540  |r 2019-01-08 00:00:00  |t 1  |w 2017-08-03  |y REVA 
999 |c 37488  |d 37488